| 000 | 01963nam a2200517 i 4500 | ||
|---|---|---|---|
| 001 | 5474 | ||
| 003 | KOSZ 005 | ||
| 005 | 20200528113734.0 | ||
| 008 | 970510s1992 pl a |000 0 pol | ||
| 015 | _aUWD 1993/2939 | ||
| 035 | _a991000889849705066 | ||
| 035 | _a(PL-WaBN)b10275332-48omnis_nlop | ||
| 035 | _ab10275332 | ||
| 035 | _a(OCoLC)830055565 | ||
| 035 | _a(PL)b0000001027533 | ||
| 035 | _a(EXLNZ-48OMNIS_NETWORK)9910203885005606 | ||
| 040 |
_aWA N _cWA N _dKOSZ 005/HR |
||
| 046 | _k1992 | ||
| 080 | _a624.01/.07 | ||
| 080 | _a624.014.2 | ||
| 080 | _a(075.8) | ||
| 245 | 0 | 0 |
_aKonstrukcje stalowe : _bwytyczne obliczania i projektowania, tablice : praca zbiorowa / _cpod kier. Szymona Pałkowskiego ; poszczeg. rozdz. oprac. J[arosław] Kołodziej [et al.] ; Wyższa Szkoła Inżynierska. |
| 250 | _a[Wyd. 2 zm.]. | ||
| 260 |
_aKoszalin : _bWydawnictwo Uczelniane WSI, _c1992. |
||
| 300 |
_a272, [2] s. : _brys., wykr. ; _c29 cm. |
||
| 336 |
_aTekst _btxt _2rdacontent |
||
| 337 |
_aBez urządzenia pośredniczącego _bn _2rdamedia |
||
| 338 |
_aWolumin _bnc _2rdacarrier |
||
| 380 | _aKsiążki | ||
| 380 | _aPublikacje dydaktyczne | ||
| 385 |
_mPoziom nauczania _aSzkoły wyższe |
||
| 388 | _a1901-2000 | ||
| 388 | _a1989-2000 | ||
| 504 | _aBibliogr. s. [273], wykaz norm s. [274]. | ||
| 521 | _aSkrypt Wydz. Inżynierii Lądowej i Sanitarnej do przedmiotu Konstrukcje stalowe. | ||
| 650 | 7 |
_aKonstrukcje stalowe _2DBN |
|
| 650 | 7 | _aProjektowanie | |
| 655 | 7 |
_aPodręczniki akademickie _2DBN |
|
| 658 | _aArchitektura i budownictwo | ||
| 700 | 1 |
_aKołodziej, Jarosław _eAutor |
|
| 700 | 1 |
_aPałkowski, Szymon _d(1943- ) _eRedakcja |
|
| 710 | 2 |
_aWydawnictwo Uczelniane (Wyższa Szkoła Inżynierska ; Koszalin) _4pbl |
|
| 856 |
_uhttp://koha.tu.koszalin.pl/cgi-bin/koha/opac-detail.pl?biblionumber=5474 _zKatalog online BPK |
||
| 942 |
_2UKD _cKS |
||
| 999 |
_c5474 _d5474 |
||